Normal view
MARC view
- Zavala Bonachea, Magdalena,
Entry Nombre Personal
001 - NUMERO DE CONTROL
- campo de control: 40396
003 - IDENTIFICADOR DE NUMERO DE CONTROL
- campo de control: UPN
005 - FECHA Y HORA DE LA ÜLTIMA TRANSACCIÓN
- campo de control: 20210219194556.0
008 - DATOS DE LONGITUD FIJA
- campo de control de longitud fija: nabaccnnaabn|||||||||| b |nc|||||d
035 ## - NUMERO DE CONTROL
- Número de control: UPN11000012503
040 ## - FUENTE DE CATALOGACIÓN
- Lenguaje de catalogación: SPA
- Agencia de transcripción: UPN
100 1# - ENCABEZAMIENTO - NOMBRE PERSONAL
- Nombre personal: Zavala Bonachea, Magdalena,
- Fechas asociadas con el nombre: 1963-
670 ## - FUENTE EN LA QUE SE LOCALIZARON DATOS
- Cita de la fuente: T
- Uniform Resource Identifier: http://calderon.presidencia.gob.mx/2009/01/coordina-zavala-arte-en-el-inba/
680 ## - NOTA PUBLICA DE ACCESO PÚBLICO
- Frase explicativa de la referencia: México. Realizó la Lic. en Historia en la Universidad Iberoamericana. Se especializó en estudios de historiografía del México Moderno y del Arte así como en educación para museos y ha trabajado en la interpretación y mediación de las artes con los diversos públicos que asisten a los museos
902 ## - CATALOGADOR
- Catalogador: EMR/040817
